Statistics for Historical Timeline of the Philippines

Click here to take the quiz!

General Stats

  • This quiz has been taken 184 times
  • The average score is 6 of 8

Answer Stats

YearHintAnswer% Correct
900Tond_Tondo
94%
1001Rajahnate of Butua_Rajahnate of Butuan
92%
1500Maguindana_ SultanateMaguindanao Sultanate
91%
1200Rajahnate of Ce__Rajahnate of Cebu
88%
1045Sul_ SultanateSulu Sultanate
88%
1946P__________Philippines
50%
1898U___ PhilippinesU.S. Philippines
28%
1565S______ East IndiesSpanish East Indies
24%

Score Distribution

Percentile by Number Answered

Percent of People with Each Score

Your Score History

You have not taken this quiz